000 00898nas a2200265 4500
001 BR0705099
003 BR-BrBNA
005 20231205111144.0
007 ta
008 230509b bl.|||p| |||| 00| 00por d
040 _aBR-BrBNA
_bpor
_cBiblioteca Nacional de Agricultura
041 _a(Pt)
072 _aL02
100 1 _aLavezzo, W.
100 1 _aLavezzo, O.E.N.M.
100 1 _aGutierrez, L.E.
100 1 _aSilveira, A.C.
245 1 _aPontencialidade do capim elefante (Pennisetum Purpureum, Schum), cultivares mineiro e vruckwona, como planta para ensilagem
650 _aALIMENTO ANIMAL
650 _aSILAGEM
650 _aCAPIM ELEFANTE
773 0 _tRevista da Faculdade de Medicina Veterinária e Zootecnia da Universidade de São Paulo (Brazil)
_xISSN 0303-7525
_g(1988), v. 25(2) p. 275-283
_wBR0705099
909 _a202311
_bLúcia
_c55
_dLúcia Elande
942 _2AGRIS
_n0
_cANA
999 _c190995
_d190995